El evangelio de Mateo
Saved in:
| Hovedforfatter: | |
|---|---|
| Format: | Bog |
| Sprog: | spansk |
| Udgivet: |
Buenos Aires
Claretiana
2012
|
| Fag: | |
| Tags: |
Tilføj Tag
Ingen Tags, Vær først til at tagge denne postø!
|
MARC
| LEADER | 00000cam a2200000 a 4500 | ||
|---|---|---|---|
| 001 | UCF8543 | ||
| 003 | CL-VaPUC | ||
| 008 | 130906e20120000ag |||||||||||||||||spa|d | ||
| 020 | |a 9789505124268 | ||
| 082 | 0 | 4 | |a 226.2 |b CIS |2 21 |
| 100 | 0 | |a Cisterna, Félix Eduardo |e author |9 570641 | |
| 245 | 1 | 3 | |a El evangelio de Mateo |
| 300 | |a 77 p | ||
| 942 | |c BK | ||
| 945 | |d 20130906 13:01:00 |a dcastane | ||
| 260 | |a Buenos Aires |b Claretiana |c 2012 | ||
| 650 | 0 | |a Nuevo testamento |9 257604 | |
| 650 | 0 | |a Evangelios |9 314864 | |
| 650 | 7 | |a EVANGELIO SAN MATEO |2 CL-VaPUC |9 545482 | |
| 583 | |a last modification |c 20130906 13:01:00 |k Rodrigo Vera | ||
| 999 | |c 353112 |d 353110 | ||
| 952 | |0 0 |1 0 |3 erb |4 0 |6 226_200000000000000_CIS_2012 |7 0 |8 A |9 458038 |a BIBTEO |b BIBTEO |d 2019-11-23 |i 5000858 |o 226.2 CIS 2012 |p 5000858 |r 2025-01-17 |w 2019-11-23 |y BK |z Catalogado en:20130906 |k ICR | ||
| 952 | |0 0 |1 0 |3 erb |4 0 |6 226_200000000000000_CIS_2012 |7 0 |8 A |9 458039 |a BIBTEO |b BIBTEO |i 5192900 |o 226.2 CIS 2012 |p 5192900 |r 2025-01-17 |w 2019-11-23 |y BK |z Catalogado en:20150806 |k ICR | ||